=LDR 00000nam 2200000 4500 =001 INLIS000000000029755 =005 20130612131948 =008 ***********************************Ind** =035 ##$$a0010-061300000029755 =041 ##$$a Ind =082 ##$$a 591 =090 ##$$a 591, Sri k =100 ##$$a Sri Astuti, Lilis =245 ##$$a Klasifikasi hewan, penanaman, ciri dan pengelompokannya, Lilis Sri Astuti ; pentynting, Tutu' =260 ##$$a 2007 $b Jakarta =300 ##$$a v, 113 hlm, 19 cm =650 ##$$a Zoologi =850 ##$$a NBPNMAT =990 ##$$a 93811/BPAP-NTB/2014 =990 ##$$a 0001/BPAP-NTB/20142014